| 000 | 00722nam a22002177a 4500 | ||
|---|---|---|---|
| 003 | OSt | ||
| 005 | 20180116183001.0 | ||
| 008 | 150109b xxu||||| |||| 00| 0 eng d | ||
| 020 | _a9789699330285 | ||
| 040 |
_a0 _c0 |
||
| 082 | _a657 ICAP 2013 | ||
| 110 | _aThe Institute of Chartered Accountants of Pakistan | ||
| 245 |
_aFunctional English 2013 (3 Vol Set) _bStudy Text AFC-01 _cThe Institute of Chartered Accountants of Pakistan |
||
| 250 | _aVol 01 | ||
| 260 |
_aPakistan _bWoolf International _c2013 |
||
| 300 |
_a288p. _bPB |
||
| 440 | _aFunctional English | ||
| 505 | _rThe Institute of Chartered Accountants of Pakistan | ||
| 610 | _aThe Institute of Chartered Accountants of Pakistan | ||
| 942 |
_2ddc _cBK |
||
| 999 |
_c349837 _d349837 |
||